000 00419nam a2200169Ia 4500
001 7332
003 IN-NITTTR
005 20251114233027.0
008 251113s9999||||xx |||||||||||||| ||eng||
040 _beng
040 _cIN-NITTTR
041 _aeng
082 _a629.24 J62A
100 _aJohnson, James A.
245 0 _aAutomotive diagnosis and tune-up :
_b a text-workbook. /
_cJohnson, James A.
942 _2ddc
_cBK
999 _c9970
_d9970